[Event "VIII Torneo Int. Ciudad de Las Palmas"]
[Site "Las Palmas"]
[Date "1979.07.31"]
[Round "6"]
[White "Ivkov, Borislav"]
[Black "Tatai, Stefano"]
[Result "1/2-1/2"]
[WhiteElo "2525"]
[BlackElo "2475"]
[Annotator "Informator"]
[PlyCount "67"]
[EventDate "1979.??.??"]

{28/112} 1. d4 Nf6 2. c4 e6 3. Nf3 b6 4. g3 Ba6 5. Qa4 c5 6. Bg2 Bb7 7. O-O
cxd4 8. Nxd4 Bxg2 9. Kxg2 Qc7 10. Nc3 Be7 11. Rd1 $11 O-O 12. Ndb5 Qc6+ 13. f3
Rc8 14. Bf4 Ne8 15. Rac1 a6 16. Na3 d6 17. Qxc6 Rxc6 18. b3 Nd7 19. g4 h6 20.
Nc2 Nc5 21. Kg3 Rcc8 22. Nb4 Bf6 23. Nd3 Nxd3 24. Rxd3 Bxc3 25. Rdxc3 Rc6 26.
a4 Rac8 27. Bd2 Nf6 28. h4 h5 29. g5 Nd7 30. e4 Nc5 31. Kf2 a5 32. Ke2 Kf8 33.
Bf4 Ke7 34. Rd1 1/2-1/2

[Event "VIII Torneo Int. Ciudad de Las Palmas"]
[Site "Las Palmas"]
[Date "1979.07.31"]
[Round "6"]
[White "Rodriguez Vargas, Orestes"]
[Black "Fernandez Garcia, Jose Luis"]
[Result "1-0"]
[WhiteElo "2495"]
[BlackElo "2340"]
[PlyCount "69"]
[EventDate "1979.??.??"]

1. d4 Nf6 2. c4 g6 3. Nc3 d5 4. Nf3 Bg7 5. Bg5 dxc4 6. e4 c5 7. Bxc4 cxd4 8.
Qxd4 Qxd4 9. Nxd4 Nc6 10. Nxc6 bxc6 11. Rc1 Ng4 12. O-O h6 13. Bf4 g5 14. Bc7
Be5 15. Bxe5 Nxe5 16. Be2 Be6 17. Rfd1 O-O 18. b3 Rad8 19. Na4 Rd6 20. f3 Rfd8
21. Kf2 Kg7 22. g3 Ng6 23. Rxd6 Rxd6 24. Rd1 Rxd1 25. Bxd1 Bc8 26. Nc5 e5 27.
b4 Ne7 28. Ba4 f5 29. exf5 Bxf5 30. a3 h5 31. Nb7 Be6 32. Bc2 Bd5 33. Nc5 Kf7
34. h3 Ke8 35. Bd3 1-0

[Event "VIII Torneo Int. Ciudad de Las Palmas"]
[Site "Las Palmas"]
[Date "1979.07.31"]
[Round "6"]
[White "Sanz Alonso, Francisco Javier"]
[Black "Dominguez Sanz, Juan Pedro"]
[Result "0-1"]
[WhiteElo "2390"]
[BlackElo "2275"]
[PlyCount "102"]
[EventDate "1979.??.??"]

1. e4 e5 2. Nc3 Nc6 3. g3 Bc5 4. Bg2 Nf6 5. Nge2 a6 6. O-O d6 7. Nd5 Bg4 8. h3
Be6 9. c3 Bxd5 10. exd5 Ne7 11. d4 exd4 12. Nxd4 O-O 13. Bg5 Ng6 14. Nf5 h6 15.
Be3 Bxe3 16. Nxe3 Qd7 17. Qd4 Rfe8 18. c4 a5 19. c5 dxc5 20. Qxc5 Ne4 21. Qa3
b5 22. Rac1 f5 23. Qd3 c5 24. d6 Ne5 25. Qd5+ Kh8 26. f4 Nf6 27. Qb7 Qxb7 28.
Bxb7 Rab8 29. fxe5 Rxe5 30. d7 Rxe3 31. Bc8 Rxg3+ 32. Kf2 Rd3 33. Rfd1 Rxd1 34.
Rxd1 Nxd7 35. Bxd7 g6 36. Rd5 Rd8 37. Bc6 Rxd5 38. Bxd5 Kg7 39. Bc6 b4 40. Ke3
Kf6 41. a4 bxa3 42. bxa3 Ke5 43. Bf3 c4 44. a4 g5 45. Be2 f4+ 46. Kd2 Kd4 47.
Kc2 c3 48. Bg4 Ke3 49. Kxc3 f3 50. Bf5 h5 51. Kc2 Ke2 0-1

[Event "VIII Torneo Int. Ciudad de Las Palmas"]
[Site "Las Palmas"]
[Date "1979.08.02"]
[Round "7"]
[White "Dominguez Sanz, Juan Pedro"]
[Black "Bellon Lopez, Juan Manuel"]
[Result "1/2-1/2"]
[WhiteElo "2275"]
[BlackElo "2395"]
[PlyCount "90"]
[EventDate "1979.??.??"]

1. e4 c6 2. d4 d5 3. Nc3 dxe4 4. Nxe4 Nf6 5. Nxf6+ gxf6 6. Bc4 Bf5 7. Ne2 h5 8.
h4 e6 9. Bd3 Nd7 10. Be3 Bd6 11. c4 Qa5+ 12. Bd2 Bb4 13. Bxb4 Qxb4+ 14. Qd2
Qxd2+ 15. Kxd2 Bxd3 16. Kxd3 O-O-O 17. Kc3 f5 18. f3 Rdg8 19. Rhg1 Nf8 20. Nf4
Ng6 21. g3 Rh6 22. Rae1 Kd7 23. Nd3 Kd6 24. b4 b5 25. cxb5 cxb5 26. a4 Rc8+ 27.
Nc5 f4 28. axb5 fxg3 29. Rxg3 Nxh4 30. Ra1 Rc7 31. Rg8 Ng6 32. Re8 Rh8 33. Rxh8
Nxh8 34. Rh1 Ng6 35. Rxh5 Nf4 36. Rh8 Nd5+ 37. Kb3 Nb6 38. Rb8 Ke7 39. Na4 Nc4
40. Nc5 Nd2+ 41. Kc3 Nxf3 42. b6 axb6 43. Rxb6 Ng5 44. Kd3 Nh7 45. b5 Nf6
1/2-1/2

[Event "VIII Torneo Int. Ciudad de Las Palmas"]
[Site "Las Palmas"]
[Date "1979.08.02"]
[Round "7"]
[White "Fernandez Garcia, Jose Luis"]
[Black "Betancort Curbelo, Juan Rafael"]
[Result "1-0"]
[WhiteElo "2340"]
[BlackElo "2350"]
[PlyCount "85"]
[EventDate "1979.??.??"]

1. e4 d6 2. d4 Nf6 3. Nc3 g6 4. f4 Bg7 5. Nf3 c5 6. Bb5+ Bd7 7. Bxd7+ Nfxd7 8.
d5 b5 9. Nxb5 Qa5+ 10. Nc3 Bxc3+ 11. bxc3 Qxc3+ 12. Bd2 Qc4 13. Qe2 Qxe2+ 14.
Kxe2 h6 15. c4 Na6 16. Rab1 Nb6 17. Kd3 Kd7 18. Rb3 e6 19. Rhb1 Nc7 20. Ra3
Rhb8 21. Re1 exd5 22. exd5 Re8 23. Rxe8 Nxe8 24. f5 g5 25. Bc3 Ke7 26. Rb3 Nf6
27. Rb1 Nh5 28. g3 Kd7 29. Nd2 Re8 30. Ne4 Kc7 31. Nf2 Nd7 32. Ng4 f6 33. Nxh6
Ng7 34. Rf1 Rh8 35. Ng4 Ne8 36. Re1 Ne5+ 37. Nxe5 fxe5 38. Rxe5 Rf8 39. Re7+
Kd8 40. f6 Nxf6 41. Rxa7 Ng4 42. Ra8+ Ke7 43. Rxf8 1-0

[Event "VIII Torneo Int. Ciudad de Las Palmas"]
[Site "Las Palmas"]
[Date "1979.08.02"]
[Round "7"]
[White "Garriga Nualart, Josep"]
[Black "Garcia Padron, Jose"]
[Result "1/2-1/2"]
[WhiteElo "2300"]
[BlackElo "2400"]
[PlyCount "48"]
[EventDate "1979.??.??"]

1. c4 Nf6 2. Nc3 e6 3. Nf3 b6 4. b3 Bb7 5. e3 Be7 6. Be2 O-O 7. O-O d5 8. Bb2
c5 9. cxd5 Nxd5 10. Nxd5 Qxd5 11. Qc2 Nc6 12. Qc4 Qd8 13. d4 cxd4 14. Nxd4 Nxd4
15. Qxd4 Bf6 16. Qxd8 Rfxd8 17. Bxf6 gxf6 18. Rfd1 Rac8 19. Rxd8+ Rxd8 20. Rd1
Rxd1+ 21. Bxd1 Kf8 22. Bc2 f5 23. f3 Ke7 24. Kf2 Bd5 1/2-1/2

[Event "VIII Torneo Int. Ciudad de Las Palmas"]
[Site "Las Palmas"]
[Date "1979.08.02"]
[Round "7"]
[White "Rivas Pastor, Manuel"]
[Black "Garcia Gonzales, Guillermo"]
[Result "0-1"]
[WhiteElo "2365"]
[BlackElo "2490"]
[PlyCount "94"]
[EventDate "1979.??.??"]

1. d4 Nf6 2. c4 d6 3. Nc3 Nbd7 4. Nf3 e5 5. e3 c6 6. Be2 Be7 7. O-O O-O 8. Qc2
Re8 9. b3 a6 10. Rd1 Bf8 11. dxe5 dxe5 12. Ng5 h6 13. Nge4 Qc7 14. Bb2 Nxe4 15.
Nxe4 Nc5 16. Ba3 Nxe4 17. Bxf8 Kxf8 18. Qxe4 f5 19. Qc2 Be6 20. Bh5 Red8 21.
Bg6 e4 22. h4 Qe5 23. Rxd8+ Rxd8 24. Rd1 Rxd1+ 25. Qxd1 Ke7 26. Qd4 Qxd4 27.
exd4 b5 28. cxb5 cxb5 29. Kf1 b4 30. Ke2 Kf6 31. h5 a5 32. g3 Bd7 33. Ke3 a4
34. bxa4 Bxa4 35. Kf4 Bc2 36. Bh7 Bb1 37. Bg8 Bd3 38. g4 fxg4 39. Bd5 Ke7 40.
Bxe4 Bc4 41. Kxg4 Bxa2 42. Kf4 Bf7 43. Kg4 b3 44. f4 Bc4 45. f5 Be2+ 46. Kf4
Bxh5 47. d5 Bd1 0-1

[Event "VIII Torneo Int. Ciudad de Las Palmas"]
[Site "Las Palmas"]
[Date "1979.08.02"]
[Round "7"]
[White "Suba, Mihai"]
[Black "Ivkov, Borislav"]
[Result "1-0"]
[WhiteElo "2435"]
[BlackElo "2525"]
[Annotator "Suba,M"]
[PlyCount "89"]
[EventDate "1979.??.??"]

{Inf 28/135} 1. c4 g6 2. e4 e5 3. d4 d6 4. Nc3 Bg7 5. dxe5 (5. Be3) 5... dxe5
6. Qxd8+ Kxd8 7. f4 $1 $14 (7. Be3 {- 28/(135)}) 7... Nc6 $6 (7... Nd7 8. Nf3
c6 $16) 8. Nf3 Nd4 9. Kf2 Nxf3 10. gxf3 f6 11. Be3 c6 12. Rd1+ Ke8 13. h4 Nh6
14. fxe5 fxe5 15. h5 Nf7 16. Bh3 $1 (16. Rg1 $2 g5 $1 17. Bxg5 Nxg5 18. Rxg5
Bf6 $44) 16... Bxh3 17. Rxh3 Bf6 18. Rg1 Ke7 19. hxg6 hxg6 20. Rxh8 Nxh8 21.
Ke2 $16 {[ g6, e5, a7]} Ke6 22. Na4 b6 23. b3 Rg8 24. Nb2 {[ Nd3, b4, a4-a5]}
Nf7 25. a4 Rh8 26. Nd3 $1 (26. Rxg6 $2 Rh2+ 27. Bf2 Ng5 $17) 26... Rh2+ 27. Nf2
g5 28. a5 Bd8 29. Kd3 Nh8 $138 30. axb6 Bxb6 31. Bxb6 axb6 32. Ke3 Nf7 33. Ra1
Rh8 34. Ra7 Rb8 35. Rc7 c5 36. Ng4 Nd6 37. Rg7 Ra8 (37... Nf7 38. Rg6+ Ke7 39.
Nf6 b5 40. Nd5+ Kf8 (40... Kd7 41. Rg7 Ke6 42. cxb5 $18) 41. Nb6 $1 $18) 38.
Kd3 Ra3 39. Rg6+ Ke7 40. Kc3 b5 41. Nxe5 g4 42. Rxg4 Ke6 43. Nd3 bxc4 44. Rg6+
Kd7 45. Ne5+ $1 (45. Ne5+ $1 Ke7 46. Rxd6 $1 cxb3 47. Rb6 $18) 1-0

[Event "VIII Torneo Int. Ciudad de Las Palmas"]
[Site "Las Palmas"]
[Date "1979.08.02"]
[Round "7"]
[White "Tatai, Stefano"]
[Black "Rodriguez Vargas, Orestes"]
[Result "1/2-1/2"]
[WhiteElo "2475"]
[BlackElo "2495"]
[PlyCount "29"]
[EventDate "1979.??.??"]

1. d4 d5 2. c4 e6 3. Nc3 c5 4. cxd5 cxd4 5. Qa4+ Bd7 6. Qxd4 exd5 7. Qxd5 Nc6
8. e3 Nf6 9. Qd1 Bc5 10. a3 Qe7 11. b4 Bd6 12. Nf3 O-O-O 13. Qc2 Kb8 14. Bb2
Rc8 15. Be2 1/2-1/2

[Event "VIII Torneo Int. Ciudad de Las Palmas"]
[Site "Las Palmas"]
[Date "1979.08.02"]
[Round "7"]
[White "Vaganian, Rafael"]
[Black "Csom, Istvan"]
[Result "1/2-1/2"]
[WhiteElo "2570"]
[BlackElo "2510"]
[Annotator "E. Solana"]
[PlyCount "144"]
[EventDate "1979.??.??"]

1. d4 Nf6 2. Nf3 e6 3. c4 d5 4. Bg5 Be7 5. Nc3 Nbd7 6. e3 O-O 7. Qc2 h6 8. Bh4
c5 9. dxc5 Qa5 10. cxd5 Nxd5 11. Bxe7 Nxe7 12. Rc1 Qxc5 13. Bd3 Nf6 14. Ne4
Nxe4 15. Qxc5 Nxc5 16. Rxc5 Nc6 17. Bb5 Bd7 18. Nd4 Rfc8 19. Bxc6 Bxc6 20. Nxc6
Rxc6 21. Rxc6 bxc6 22. Ke2 Rb8 23. b3 Kf8 24. Rc1 Rb6 25. Kd3 Ke7 26. Kc4 Kd6
27. Rd1+ Kc7 28. g4 Rb5 29. f4 a5 30. a3 g6 31. h3 Rb8 32. e4 Rh8 33. h4 h5 34.
g5 Rb8 35. Rd2 Re8 36. Rf2 Rd8 37. f5 Kb6 38. Kc3 exf5 39. exf5 Rd1 40. f6 Rh1
41. Rf4 Kc5 42. Rc4+ Kd6 43. Rd4+ Ke5 44. Ra4 Rh3+ 45. Kc2 Kd6 46. Kb2 Rh2+ 47.
Kc3 Rh3+ 48. Kc2 Ke6 49. Re4+ Kd6 50. Kd2 c5 51. Ke2 Kd5 52. Re7 Rxh4 53. Rxf7
Rg4 54. Rd7+ Ke6 55. Re7+ Kd6 56. Re8 Rf4 57. Rg8 Rf5 58. Rxg6 h4 59. Rg7 Ke6
60. Re7+ Kd6 61. Re8 h3 62. a4 h2 63. Rh8 Rxg5 64. Rxh2 Ke6 65. Rf2 Kf7 66. Kd3
Rg4 67. Kc3 Rb4 68. Rf5 c4 69. bxc4 Rxa4 70. Kd4 Ra1 71. Kd5 a4 72. c5 a3 {
No se conserva el resto de las jugadas. Fue tablas en la jugada 96, según el
Boletin del Torneo.} 1/2-1/2

[Event "VIII Torneo Int. Ciudad de Las Palmas"]
[Site "Las Palmas"]
[Date "1979.08.03"]
[Round "8"]
[White "Bellon Lopez, Juan Manuel"]
[Black "Geller, Efim P"]
[Result "0-1"]
[WhiteElo "2395"]
[BlackElo "2550"]
[PlyCount "60"]
[EventDate "1979.??.??"]

1. Nc3 c5 2. Nf3 Nc6 3. d4 cxd4 4. Nxd4 Nf6 5. e4 d6 6. Nb3 e6 7. Be3 Be7 8. f4
a6 9. Bd3 b5 10. Qe2 Bb7 11. O-O-O Qc7 12. Kb1 O-O 13. g4 b4 14. Na4 Nd8 15. g5
Nxe4 16. Bb6 Qc6 17. Na5 Qxa4 18. Nxb7 Nc3+ 19. bxc3 bxc3 20. Qe4 Qxe4 21. Bxe4
Nxb7 22. Rhe1 Rac8 23. f5 Nc5 24. Bxc5 Rxc5 25. g6 hxg6 26. fxe6 fxe6 27. Bd3
Kf7 28. Rf1+ Bf6 29. Bxa6 Rb8+ 30. Ka1 Rb2 0-1

[Event "VIII Torneo Int. Ciudad de Las Palmas"]
[Site "Las Palmas"]
[Date "1979.08.03"]
[Round "8"]
[White "Betancort Curbelo, Juan Rafael"]
[Black "Garcia Padron, Jose"]
[Result "1/2-1/2"]
[WhiteElo "2350"]
[BlackElo "2400"]
[PlyCount "24"]
[EventDate "1979.??.??"]

1. d4 d5 2. c4 dxc4 3. Nc3 g6 4. e4 Bg7 5. Bxc4 Qxd4 6. Qb3 e6 7. Be3 Qd8 8.
Rd1 Nd7 9. Nf3 Qe7 10. O-O c6 11. a4 Nb6 12. Be2 e5 1/2-1/2

[Event "VIII Torneo Int. Ciudad de Las Palmas"]
[Site "Las Palmas"]
[Date "1979.08.03"]
[Round "8"]
[White "Csom, Istvan"]
[Black "Rivas Pastor, Manuel"]
[Result "1-0"]
[WhiteElo "2510"]
[BlackElo "2365"]
[PlyCount "79"]
[EventDate "1979.??.??"]

1. c4 e5 2. d3 g6 3. Nc3 Bg7 4. g3 Ne7 5. Bg2 O-O 6. e4 d6 7. Nge2 Nbc6 8. O-O
Be6 9. Nd5 Qd7 10. Be3 Nd4 11. Nxd4 exd4 12. Bg5 Nxd5 13. cxd5 Bh3 14. Bxh3
Qxh3 15. Rc1 Qd7 16. Qb3 c5 17. dxc6 bxc6 18. Qa4 Rfc8 19. Bd2 h5 20. h4 Be5
21. Kg2 Rc7 22. Rc2 Kg7 23. Ba5 Rb7 24. Rfc1 Rc8 25. b3 Rb5 26. Qxb5 cxb5 27.
Rxc8 Qg4 28. R8c2 f5 29. Bd8 fxe4 30. dxe4 d3 31. Rd2 Qxe4+ 32. f3 Qd5 33. Bg5
Kf7 34. Rcd1 a5 35. Rxd3 Qc6 36. Kh2 a4 37. f4 Bc3 38. Rxd6 Qf3 39. Rd7+ Ke6
40. f5+ 1-0

[Event "VIII Torneo Int. Ciudad de Las Palmas"]
[Site "Las Palmas"]
[Date "1979.08.03"]
[Round "8"]
[White "Fernandez Garcia, Jose Luis"]
[Black "Tatai, Stefano"]
[Result "1/2-1/2"]
[WhiteElo "2340"]
[BlackElo "2475"]
[PlyCount "36"]
[EventDate "1979.??.??"]

1. e4 e5 2. Nf3 Nc6 3. Nc3 Nf6 4. Bc4 Bc5 5. d3 d6 6. Bg5 Bb4 7. Nd2 Bxc3 8.
bxc3 h6 9. Bh4 Qe7 10. Bb5 Bd7 11. Nc4 g5 12. Bg3 a6 13. Bxc6 Bxc6 14. Na5 Qd7
15. Qf3 Ke7 16. O-O b6 17. Nxc6+ Qxc6 18. d4 Nd7 1/2-1/2

[Event "VIII Torneo Int. Ciudad de Las Palmas"]
[Site "Las Palmas"]
[Date "1979.08.03"]
[Round "8"]
[White "Garcia Gonzales, Guillermo"]
[Black "Dominguez Sanz, Juan Pedro"]
[Result "1-0"]
[WhiteElo "2490"]
[BlackElo "2275"]
[Annotator "E. Solana"]
[PlyCount "63"]
[EventDate "1979.??.??"]

1. d4 Nf6 2. c4 c5 3. d5 e6 4. Nc3 exd5 5. cxd5 d6 6. e4 g6 7. Nf3 Bg7 8. Bg5
h6 9. Bh4 Na6 $6 (9... a6 $142) (9... g5 10. Bg3 Nh5 11. Bb5+ $1 Kf8 (11... Bd7
12. Bxd7+ Qxd7 13. Ne5 $1 {[%csl Rh5]})) 10. Nd2 $1 {
[%csl Gd1,Gh5][%cal Gd2c4, Rg6g5,Rf6h5]} Nc7 11. Be2 Rb8 12. a4 b6 13. f4 {
[%cal Ge4e5]} g5 $6 (13... Qe7 $2 14. e5 $1 dxe5 15. Nde4 {
[%csl Re7][%cal Gd5d6]}) (13... Qd7 $16) 14. fxg5 Nd7 15. Bg3 Be5 16. Nc4 $16
Qxg5 $6 (16... Bxg3+ 17. hxg3 Qe7 18. Rxh6 $18) (16... Qe7 $142 $16) 17. Nxd6+
$18 Kf8 18. O-O $1 Bxg3 (18... Qe3+ 19. Kh1 Bxg3 20. Rxf7+ Kg8 21. hxg3 Qxg3
22. Nf5 $18) 19. Rxf7+ Kg8 20. hxg3 Ne8 (20... Qe5 21. Bh5 $1 Qxd6 $2 22. Qg4+)
21. Rf4 $1 Nxd6 22. Rg4 Ne5 23. Rxg5+ hxg5 24. Qd2 Ndf7 25. Rf1 Bd7 26. Rxf7 $1
Nxf7 27. e5 Rd8 28. Qc1 Rh6 29. e6 Bxe6 30. dxe6 Rxe6 31. Bc4 Re5 32. Qf1 1-0

[Event "VIII Torneo Int. Ciudad de Las Palmas"]
[Site "Las Palmas"]
[Date "1979.08.03"]
[Round "8"]
[White "Ivkov, Borislav"]
[Black "Vaganian, Rafael"]
[Result "1/2-1/2"]
[WhiteElo "2525"]
[BlackElo "2570"]
[PlyCount "24"]
[EventDate "1979.??.??"]

1. d4 Nf6 2. c4 c5 3. d5 b5 4. cxb5 a6 5. bxa6 Bxa6 6. Nc3 g6 7. Nf3 d6 8. e4
Bxf1 9. Kxf1 Bg7 10. g3 Nbd7 11. h3 O-O 12. Kg2 Qb6 1/2-1/2

[Event "VIII Torneo Int. Ciudad de Las Palmas"]
[Site "Las Palmas"]
[Date "1979.08.03"]
[Round "8"]
[White "Rodriguez Vargas, Orestes"]
[Black "Suba, Mihai"]
[Result "1/2-1/2"]
[WhiteElo "2495"]
[BlackElo "2435"]
[PlyCount "20"]
[EventDate "1979.??.??"]

1. d4 Nf6 2. c4 e6 3. Nf3 c5 4. e3 a6 5. a3 b6 6. Nc3 Bb7 7. Bd3 d6 8. O-O Nbd7
9. b3 g6 10. Bb2 Bg7 1/2-1/2

[Event "VIII Torneo Int. Ciudad de Las Palmas"]
[Site "Las Palmas"]
[Date "1979.08.03"]
[Round "8"]
[White "Sanz Alonso, Francisco Javier"]
[Black "Garriga Nualart, Josep"]
[Result "0-1"]
[WhiteElo "2390"]
[BlackElo "2300"]
[PlyCount "62"]
[EventDate "1979.??.??"]

1. e4 e6 2. d4 d5 3. Nc3 Bb4 4. Bd2 dxe4 5. Qg4 Nf6 6. Qxg7 Rg8 7. Qh6 Qxd4 8.
O-O-O Bf8 9. Qh4 Rg4 10. Qh3 Qxf2 11. Be2 Rh4 12. Be3 Qxe3+ 13. Qxe3 Bh6 14.
Qxh6 Rxh6 15. Nh3 Bd7 16. Ng5 Bc6 17. Rd8+ Ke7 18. Rh8 Rg6 19. h4 h6 20. Nh7
Rg8 21. Rxg8 Nxg8 22. g4 Nd7 23. g5 f5 24. Bc4 Ne5 25. Bb5 Bxb5 26. Nxb5 c6 27.
Nd4 Rd8 28. Ne2 Nf3 29. Nf4 e5 30. Nh5 f4 31. Ng7 Kf7 0-1

[Event "VIII Torneo Int. Ciudad de Las Palmas"]
[Site "Las Palmas"]
[Date "1979.08.04"]
[Round "9"]
[White "Dominguez Sanz, Juan Pedro"]
[Black "Csom, Istvan"]
[Result "1/2-1/2"]
[WhiteElo "2275"]
[BlackElo "2510"]
[PlyCount "79"]
[EventDate "1979.??.??"]

1. e4 c5 2. Nc3 Nc6 3. g3 g6 4. Bg2 Bg7 5. d3 d6 6. Nh3 e6 7. O-O Nge7 8. Be3
b6 9. Qd2 h6 10. Rae1 Qd7 11. f4 f5 12. exf5 gxf5 13. Ne2 Bb7 14. d4 c4 15. b3
Na5 16. Nc3 Bxg2 17. Qxg2 d5 18. Kh1 Rc8 19. Nd1 Nb7 20. Qe2 Qc6 21. Ng1 Nd6
22. Bc1 Ne4 23. c3 h5 24. Ba3 Ng6 25. Nh3 Bf6 26. Rg1 Kf7 27. Bb2 b5 28. Bc1 b4
29. cxb4 cxb3 30. Be3 Qb6 31. axb3 Qxb4 32. Ndf2 Ne7 33. Ra1 Rc7 34. Rgb1 Qb6
35. Nxe4 fxe4 36. Ra6 Qb7 37. Ng5+ Bxg5 38. fxg5 Rc6 39. Rxc6 Qxc6 40. Bf4
1/2-1/2

[Event "VIII Torneo Int. Ciudad de Las Palmas"]
[Site "Las Palmas"]
[Date "1979.08.04"]
[Round "9"]
[White "Garcia Padron, Jose"]
[Black "Sanz Alonso, Francisco Javier"]
[Result "1/2-1/2"]
[WhiteElo "2400"]
[BlackElo "2390"]
[PlyCount "22"]
[EventDate "1979.??.??"]

1. d4 Nf6 2. Nf3 e6 3. Bg5 c5 4. c3 Be7 5. Nbd2 Nc6 6. e3 b6 7. Be2 Bb7 8. O-O
O-O 9. Bxf6 Bxf6 10. Qa4 d5 11. b4 c4 1/2-1/2

[Event "VIII Torneo Int. Ciudad de Las Palmas"]
[Site "Las Palmas"]
[Date "1979.08.04"]
[Round "9"]
[White "Garriga Nualart, Josep"]
[Black "Bellon Lopez, Juan Manuel"]
[Result "0-1"]
[WhiteElo "2300"]
[BlackElo "2395"]
[PlyCount "64"]
[EventDate "1979.??.??"]

1. c4 c6 2. d4 d5 3. cxd5 cxd5 4. Nf3 Nc6 5. Bf4 Nf6 6. Nc3 Bf5 7. e3 e6 8. Be2
Be7 9. a3 Rc8 10. Rc1 O-O 11. Nh4 Be4 12. Nf3 Qb6 13. Nxe4 dxe4 14. Nd2 Qxb2
15. Nc4 Qb5 16. O-O Qd5 17. Rb1 b6 18. Qa4 Qd7 19. Qb3 Nd5 20. Bg3 f5 21. Rfd1
b5 22. Ne5 Nxe5 23. dxe5 a6 24. f3 Qa7 25. fxe4 Rc3 26. exd5 Rxb3 27. Rxb3 f4
28. Bf2 fxe3 29. Bg3 exd5 30. Rxd5 Qc7 31. h3 Qc2 32. Bd1 Qe4 0-1

[Event "VIII Torneo Int. Ciudad de Las Palmas"]
[Site "Las Palmas"]
[Date "1979.08.04"]
[Round "9"]
[White "Geller, Efim P"]
[Black "Garcia Gonzales, Guillermo"]
[Result "1/2-1/2"]
[WhiteElo "2570"]
[BlackElo "2490"]
[PlyCount "80"]
[EventDate "1979.??.??"]

1. e4 c5 2. Nf3 a6 3. c3 d6 4. d4 Qc7 5. Be2 Nd7 6. O-O Ngf6 7. Nbd2 g6 8. Re1
Bg7 9. e5 dxe5 10. dxe5 Ng4 11. e6 fxe6 12. h3 Nge5 13. a4 O-O 14. a5 Nxf3+ 15.
Nxf3 Ne5 16. Nxe5 Bxe5 17. Bf3 Bd7 18. Bh6 Bg7 19. Bxg7 Kxg7 20. Qb3 Rab8 21.
Rad1 Rf6 22. Qb6 Qxb6 23. axb6 Bc6 24. Bxc6 bxc6 25. Rd7 Rxb6 26. Rxe7+ Rf7 27.
R1xe6 Rxb2 28. Rxf7+ Kxf7 29. Rxc6 h5 30. Rxc5 Rc2 31. h4 a5 32. Rxa5 Rxc3 33.
Kh2 Kf6 34. f3 Rc4 35. Kg3 Rb4 36. Rg5 Rb3 37. Kh2 Rb4 38. g3 Rb2+ 39. Kh3 Rf2
40. f4 Kf7 1/2-1/2

[Event "VIII Torneo Int. Ciudad de Las Palmas"]
[Site "Las Palmas"]
[Date "1979.08.04"]
[Round "9"]
[White "Rivas Pastor, Manuel"]
[Black "Ivkov, Borislav"]
[Result "0-1"]
[WhiteElo "2365"]
[BlackElo "2525"]
[PlyCount "80"]
[EventDate "1979.??.??"]

1. d4 Nf6 2. Nf3 c5 3. c4 cxd4 4. Nxd4 e6 5. Nc3 Bb4 6. g3 Qc7 7. Qb3 Nc6 8.
Nxc6 Bxc3+ 9. Qxc3 Qxc6 10. f3 d5 11. cxd5 Qxc3+ 12. bxc3 Nxd5 13. e4 Ne7 14.
a4 Bd7 15. Ba3 Rc8 16. Kd2 Nc6 17. Be2 Ne5 18. Rhb1 Bc6 19. Ke3 h5 20. c4 f6
21. h3 h4 22. f4 Nf7 23. Bg4 Nd8 24. gxh4 Rxh4 25. Bd6 g6 26. Rh1 f5 27. Bf3
Nf7 28. c5 Nxd6 29. cxd6 Kd7 30. Rac1 fxe4 31. Bxe4 Bxe4 32. Kxe4 Rf8 33. Rc7+
Kxd6 34. Rxb7 Rfxf4+ 35. Ke3 Rxa4 36. Rd1+ Ke5 37. Rb5+ Kf6 38. Rf1+ Kg7 39.
Rb7+ Kh6 40. Rff7 Rxh3+ 0-1

[Event "VIII Torneo Int. Ciudad de Las Palmas"]
[Site "Las Palmas"]
[Date "1979.08.04"]
[Round "9"]
[White "Suba, Mihai"]
[Black "Fernandez Garcia, Jose Luis"]
[Result "0-1"]
[WhiteElo "2435"]
[BlackElo "2340"]
[PlyCount "54"]
[EventDate "1979.??.??"]

1. c4 e6 2. Nf3 d5 3. d4 c5 4. cxd5 exd5 5. g3 Nf6 6. Bg2 Nc6 7. O-O Be7 8.
dxc5 O-O 9. Be3 Ng4 10. Bd4 Nxd4 11. Nxd4 Bxc5 12. Nc3 Qf6 13. Nf3 Be6 14. Na4
Bd6 15. Rc1 Rac8 16. Qd2 Qe7 17. Nd4 Nf6 18. Rfd1 Rfd8 19. Qd3 Qd7 20. b3 Rxc1
21. Rxc1 Rc8 22. Rd1 Bb4 23. Nxe6 Qxe6 24. e3 g6 25. Qd4 a5 26. Nb6 Bc5 27. Bh3
Qxb6 0-1

[Event "VIII Torneo Int. Ciudad de Las Palmas"]
[Site "Las Palmas"]
[Date "1979.08.04"]
[Round "9"]
[White "Tatai, Stefano"]
[Black "Betancort Curbelo, Juan Rafael"]
[Result "1-0"]
[WhiteElo "2575"]
[BlackElo "2350"]
[PlyCount "61"]
[EventDate "1979.??.??"]

1. d4 g6 2. e4 Bg7 3. c4 d6 4. Nc3 Nf6 5. f4 c5 6. d5 O-O 7. Nf3 e6 8. dxe6
fxe6 9. Bd3 Nc6 10. O-O Kh8 11. Bd2 Nd4 12. Ng5 e5 13. f5 gxf5 14. exf5 Bd7 15.
Nd5 Bc6 16. Ne6 Nxe6 17. fxe6 Bxd5 18. cxd5 c4 19. Bxc4 Qb6+ 20. Kh1 Qd4 21.
Qe2 Nxd5 22. Rf7 Rxf7 23. exf7 Nb6 24. Be6 Qxb2 25. Rf1 Rf8 26. Qd3 Qd4 27.
Qxd4 exd4 28. Bg5 Ra8 29. Rf3 d3 30. Rg3 h5 31. Bf6 1-0

[Event "VIII Torneo Int. Ciudad de Las Palmas"]
[Site "Las Palmas"]
[Date "1979.08.04"]
[Round "9"]
[White "Vaganian, Rafael"]
[Black "Rodriguez Vargas, Orestes"]
[Result "1-0"]
[WhiteElo "2570"]
[BlackElo "2495"]
[PlyCount "81"]
[EventDate "1979.??.??"]

1. c4 e6 2. Nf3 Nf6 3. d4 d5 4. Bg5 Nbd7 5. Nc3 c6 6. e3 Qa5 7. Bxf6 Nxf6 8.
Qc2 Be7 9. Nd2 dxc4 10. Nxc4 Qc7 11. a3 O-O 12. b4 b6 13. Be2 Bb7 14. O-O Rfd8
15. Rab1 Rac8 16. Rfc1 Nd5 17. Ne4 Ba8 18. Ne5 f6 19. Nc4 f5 20. Ned2 c5 21.
dxc5 bxc5 22. b5 Bf6 23. Rb3 Rd7 24. Bf3 Rcd8 25. g3 g6 26. Bg2 Kg7 27. Re1 e5
28. e4 Ne7 29. Rc3 Rd4 30. Nb3 Bxe4 31. Bxe4 fxe4 32. Ncd2 Qb6 33. Nxe4 R4d5
34. Rf3 Nf5 35. g4 c4 36. Qxc4 Rd1 37. Qf1 Nh4 38. Rxd1 Nxf3+ 39. Kg2 Nh4+ 40.
Kg3 Qb7 41. Nbc5 1-0

[Event "VIII Torneo Int. Ciudad de Las Palmas"]
[Site "Las Palmas"]
[Date "1979.08.06"]
[Round "10"]
[White "Bellon Lopez, Juan Manuel"]
[Black "Garcia Padron, Jose"]
[Result "1-0"]
[WhiteElo "2395"]
[BlackElo "2400"]
[PlyCount "77"]
[EventDate "1979.??.??"]

1. Nc3 c5 2. Nf3 Nc6 3. d4 cxd4 4. Nxd4 Nf6 5. e4 e6 6. Ndb5 d6 7. Bf4 e5 8.
Bg5 a6 9. Na3 b5 10. Bxf6 gxf6 11. Nd5 Be6 12. c3 Bg7 13. Nc2 f5 14. exf5 Bxf5
15. Nce3 Bg6 16. h4 h5 17. a4 Rb8 18. axb5 axb5 19. Ra6 Qc8 20. g3 Kf8 21. Rb6
Rxb6 22. Nxb6 Qd8 23. Nbd5 Qb8 24. Bg2 b4 25. Nb6 Qxb6 26. Qxd6+ Kg8 27. Qxc6
Qa5 28. O-O Kh7 29. Nc4 Qa2 30. cxb4 Rd8 31. Bd5 Qb3 32. b5 Qd3 33. Ne3 Qe2 34.
b3 f5 35. Qc4 Qb2 36. Bf7 Rf8 37. Bxg6+ Kxg6 38. Rd1 Rf6 39. Nd5 1-0